000 00671nam a2200277Ia 4500
005 20260324133758.0
008 008 260324s9999 xx 000 0 eng d
020 _a9781003576945
037 _aEBOOK
040 _aCRL
040 _beng
040 _cCRL
041 _2eng
041 _aeng
084 _qCRL
100 _aMargaret Black; Marcus Powell
_91194364
245 0 _aEconomic Restructuring and Human Resource Development
260 _bTaylor and Francis
260 _c2003
365 _a
365 _b145
856 _uhttp://www.taylorfrancis.com/books/9781003576945
942 _cEBOOK
999 _c1793767
_d1793767